Nonlinear dynamics of chaotic and stochastic systems / (Record no. 29117)

000 -LEADER
fixed length control field 00765 a2200205 4500
020 ## - INTERNATIONAL STANDARD BOOK NUMBER
International Standard Book Number 3540424199
020 ## - INTERNATIONAL STANDARD BOOK NUMBER
International Standard Book Number 9783540424192
082 04 - DEWEY DECIMAL CLASSIFICATION NUMBER
Classification number 003.85
090 ## - LOCALLY ASSIGNED LC-TYPE CALL NUMBER (OCLC); LOCAL CALL NUMBER (RLIN)
-- 486
-- 486
100 1# - MAIN ENTRY--PERSONAL NAME
Personal name Anishchenko, Vadim S.
245 10 - TITLE STATEMENT
Title Nonlinear dynamics of chaotic and stochastic systems /
Statement of responsibility, etc. Vadim S. Anishchenko, Vladimir Astakhov, Alexander Neiman, Tatjana Vadivasova, Lutz Schimansky-Geier.
260 ## - PUBLICATION, DISTRIBUTION, ETC.
Place of publication, distribution, etc. [S.l.] :
Name of publisher, distributor, etc. Springer,
Date of publication, distribution, etc. 2002.
300 ## - PHYSICAL DESCRIPTION
Extent 385 p. ;
Dimensions 25 cm.
700 1# - ADDED ENTRY--PERSONAL NAME
Personal name Astakhov, Vladimir.
700 1# - ADDED ENTRY--PERSONAL NAME
Personal name Neiman, Alexander.
700 1# - ADDED ENTRY--PERSONAL NAME
Personal name Vadivasova, Tatjana.
700 1# - ADDED ENTRY--PERSONAL NAME
Personal name Schimansky-Geier, Lutz.
942 ## - ADDED ENTRY ELEMENTS (KOHA)
Institution code [OBSOLETE] SNS
Koha item type Book
Call number prefix 003.85 ANI
Holdings
Withdrawn status Lost status Damaged status Not for loan Permanent Location Current Location Date acquired Total Checkouts Full call number Barcode Date last seen Price effective from Koha item type
        School of Natural Sciences (SNS) School of Natural Sciences (SNS) 05/26/2016   003.85 ANI SNS0000419 05/26/2016 05/26/2016 Book
© 2023 Central Library, National University of Sciences and Technology. All Rights Reserved.